Ako sa veci majú súčasný úvod do Buddhovho učenia

Bibliographic Details
Main Author: Nydahl, Ole, láma, 1941- (Author)
Other Authors: Turek, Juraj (Translator), Užáková, Katarína (Compiler)
Format: Book
Language:Slovak
Undetermined
PhysicalDescription:202 s. fotogr., ilustr. 18 cm
Published: [Bratislava] Spoločnosť buddhizmu diamantovej cesty - Karma Kagjü 2007
ISBN:9788096893720
Series:Buddhizmus dnes
Subjects:

MARC

LEADER 00000cam a2200000 a 4500
001 vtls009460644
003 SK-MaSNL
005 20260301082003.0
008 240318s2007 xo oa d 000 0 slo
015 |a SNBA2009/06-02957 
020 |a 9788096893720  |q (brož.) 
040 |a SNK  |b slo  |c SNK  |e AACR2 
041 1 |a slo  |h und 
043 |a a-ii--- 
044 |a xo  |c SK 
072 7 |a 22/24  |x Náboženstvá Ďalekého východu. Indické náboženstvá. Hinduizmus. Budhizmus  |2 konspekt 
080 |a 2-31  |2 2011 
080 |a 24-1/-9  |2 2001 
080 |a 243.4  |2 2011 
080 |a 24-583  |2 2011 
080 |a 24-584.5  |2 2011 
080 |a 243-582.5  |2 2001 
080 |a (34)  |2 2011 
080 |a (049)  |2 2011 
100 1 |a Nydahl, Ole,  |c láma,  |d 1941-  |4 aut  |9 118734 
245 1 0 |a Ako sa veci majú  |b súčasný úvod do Buddhovho učenia  |c láma Ole Nydahl ; [slovenský preklad: Juraj Turek ; na príprave textu sa ďalej podieľali: Katarína Užáková ... [et al.]] 
260 |a [Bratislava]  |b Spoločnosť buddhizmu diamantovej cesty - Karma Kagjü  |c 2007 
300 |a 202 s.  |b fotogr., ilustr.  |c 18 cm 
366 |e 1500 výt. 
490 1 |a Buddhizmus dnes 
500 |a Miesto vyd. podľa ISBN 
500 |a Adresy 
504 |a Pozn. ; terminologický slovník 
600 0 7 |a Budha,  |d asi 560-asi 480 pred Kr.  |2 SNKMA  |9 168102 
650 0 7 |a náboženskí zakladatelia  |2 SNKPH  |9 68154 
650 0 7 |a učenie budhizmu  |2 SNKPH  |9 68771 
650 0 7 |a tibetský budhizmus  |2 SNKPH  |9 69411 
650 0 7 |a budhistická meditácia  |2 SNKPH  |9 74347 
650 0 7 |a duchovná cesta  |2 SNKPH  |9 67470 
650 0 7 |a Karma Kagjü  |2 SNKPH  |9 69591 
650 0 7 |a Religious founders  |2 SNKPHeng  |9 406162 
650 0 7 |a Buddhist doctrine  |2 SNKPHeng  |9 319321 
650 0 7 |a Tibetan Buddhism  |2 SNKPHeng  |9 329845 
650 0 7 |a Buddhist meditation  |2 SNKPHeng  |9 401693 
650 0 7 |a Spiritual path  |2 SNKPHeng  |9 276105 
650 0 7 |a Karma Kagyu  |2 SNKPHeng  |9 406163 
651 7 |a India  |2 SNKPH  |9 13358 
651 7 |a India  |2 SNKPHeng  |9 13358 
655 7 |a rozpravy  |2 SNKPH  |9 70559 
655 7 |a Essays  |2 SNKPHeng  |9 267540 
700 1 |a Turek, Juraj  |4 trl  |9 47452 
700 1 |a Užáková, Katarína  |4 com  |9 406164 
830 0 |a Buddhizmus dnes  |9 318643 
852 |a Štátna vedecká knižnica v Banskej Bystrici 
919 |a 978-80-968937-2-0 
958 |a OP 
958 |a NT 
968 |b LANGUES DIVERSES  |d 2 
999 |c 657358  |d 659288 
952 |a SNK  |b SNK  |y PREZ  |7 0  |p 17A0620405  |o snkSD 78212  |i snk2009/8596  |8 0  |0 0  |1 0  |4 0  |d 2009-05-12  |l 0  |r 2025-11-26 00:00:00  |w 2026-02-23 
952 |a SNK  |b SNK  |y VYP  |7 0  |p 17A0620406  |o snkSD 78212 D1  |i snk2009/8597  |8 0  |0 0  |1 0  |4 0  |d 2009-05-12  |l 0  |r 2017-06-30 00:00:00  |w 2026-02-23